000 00378nam a2200133Ia 4500
008 130318s9999 xx 000 0 und d
020 _a9780070530713
082 _a515.35 SIM/D;5
100 _aSimmons, George F
245 _aDifferential equations with applications and notes
260 _bTata Mc Graw Hill
_aNew Delhi
_c1991
300 _a629
650 _aDIFFERENTIAL EQUATIONS
999 _c2473
_d2473